[Event "TUR-chT 2nd League"]
[Site "Denizli"]
[Date "2023.07.15"]
[Round "9.126"]
[White "Callioglu, Yigit Sarp"]
[Black "Pehlivan, Mert"]
[Result "1/2-1/2"]
[WhiteElo "1541"]
[BlackElo "1709"]
[PlyCount "76"]
[EventDate "2023.07.09"]
[EventType "team-swiss"]
[EventRounds "9"]
[EventCountry "TUR"]
[SourceTitle "CBM 215 Extra"]
[Source "ChessBase"]
[SourceDate "2023.09.30"]
[SourceVersion "1"]
[SourceVersionDate "2023.09.30"]
[SourceQuality "1"]
[WhiteTeam "Pamukkale Yonetimi"]
[BlackTeam "Duzce AS"]
[WhiteTeamCountry "TUR"]
[BlackTeamCountry "TUR"]

1. d4 Nf6 2. Nf3 g6 3. c4 Bg7 4. Nc3 0-0 5. e4 d6 6. h3 e5 7. dxe5 dxe5 8. Bg5 Nbd7 9. Qc2 h6 10. Be3 c6 11. Be2 Ne8 12. g4 Nc7 13. Qd2 Kh7 14. 0-0-0 Qe7 15. g5 h5 16. Qd6 Qxd6 17. Rxd6 Ne6 18. Rhd1 Ndc5 19. b4 Na6 20. b5 cxb5 21. cxb5 Nac7 22. Bc4 Re8 23. Nd5 Nxd5 24. R6xd5 Nf4 25. Bxf4 exf4 26. Rd8 Bxh3 27. Rxa8 Rxa8 28. Bxf7 Rc8+ 29. Kb1 Bg4 30. Rd3 Bxf3 31. Rxf3 Rc5 32. a4 Be5 33. Rd3 Bg7 34. Rd5 Rxd5 35. exd5 Bf8 36. Kc2 Kg7 37. Be6 Be7 38. Kd3 b6 1/2-1/2

[Event "TUR-chT 2nd League"]
[Site "Denizli"]
[Date "2023.07.12"]
[Round "6.66"]
[White "Keskin, Osman Orcun"]
[Black "Pehlivan, Mert"]
[Result "1/2-1/2"]
[WhiteElo "1809"]
[BlackElo "1709"]
[PlyCount "90"]
[EventDate "2023.07.09"]
[EventType "team-swiss"]
[EventRounds "9"]
[EventCountry "TUR"]
[SourceTitle "CBM 215 Extra"]
[Source "ChessBase"]
[SourceDate "2023.09.30"]
[SourceVersion "1"]
[SourceVersionDate "2023.09.30"]
[SourceQuality "1"]
[WhiteTeam "Celik"]
[BlackTeam "Duzce AS"]
[WhiteTeamCountry "TUR"]
[BlackTeamCountry "TUR"]

1. d4 Nf6 2. Nf3 g6 3. c4 Bg7 4. Nc3 0-0 5. g3 d6 6. Bg2 c5 7. dxc5 dxc5 8. 0-0 Nbd7 9. Bg5 h6 10. Bxf6 Nxf6 11. Qc2 a6 12. Rfd1 Qc7 13. Nd2 Bd7 14. Nde4 Bc6 15. Nxf6+ Bxf6 16. Bxc6 Qxc6 17. Nd5 Rfe8 18. Rd3 b5 19. Rc1 bxc4 20. Qxc4 Bxb2 21. Qxc5 Qxc5 22. Rxc5 e6 23. Nc7 Rec8 24. Rd6 Rxc7 25. Rxc7 Be5 26. Rdc6 Bxc7 27. Rxc7 Kg7 28. a4 a5 29. f4 Kf6 30. Kf2 h5 31. Kf3 Ra6 32. h3 Kg7 33. g4 hxg4+ 34. hxg4 Kf6 35. g5+ Kg7 36. e3 Ra8 37. Ke2 Ra6 38. Kd3 Rd6+ 39. Kc4 Rb6 40. Kd4 Rb4+ 41. Rc4 Rb3 42. e4 Rb1 43. Ke5 Ra1 44. Kd6 Rd1+ 45. Kc6 Rb1 1/2-1/2

[Event "TUR-chT 2nd League"]
[Site "Denizli"]
[Date "2023.07.11"]
[Round "4.126"]
[White "Kaynak, Deniz Can"]
[Black "Pehlivan, Mert"]
[Result "0-1"]
[WhiteElo "1620"]
[BlackElo "1709"]
[PlyCount "102"]
[EventDate "2023.07.09"]
[EventType "team-swiss"]
[EventRounds "9"]
[EventCountry "TUR"]
[SourceTitle "CBM 215 Extra"]
[Source "ChessBase"]
[SourceDate "2023.09.30"]
[SourceVersion "1"]
[SourceVersionDate "2023.09.30"]
[SourceQuality "1"]
[WhiteTeam "Afyonkarahisar Basari"]
[BlackTeam "Duzce AS"]
[WhiteTeamCountry "TUR"]
[BlackTeamCountry "TUR"]

1. c4 e6 2. g3 Nf6 3. Bg2 d5 4. Nf3 dxc4 5. 0-0 Be7 6. Na3 Bxa3 7. bxa3 0-0 8. Qc2 Nbd7 9. Bb2 c5 10. Qxc4 Qe7 11. Rfc1 a6 12. a4 b5 13. axb5 axb5 14. Bxf6 gxf6 15. Qxb5 Ba6 16. Qa4 Bxe2 17. Qg4+ Kh8 18. Qh4 Ra3 19. Nd4 Bd3 20. Nb3 Bg6 21. Bc6 Kg7 22. Nxc5 Nxc5 23. Qb4 Qa7 24. Qxc5 Qxc5 25. Rxc5 Rd8 26. Rc3 Ra5 27. a4 Rxd2 28. Rb3 Rc2 29. Rb5 Rc5 30. Rxc5 Rxc5 31. Bb5 Be4 32. Kf1 f5 33. Ke2 Bb7 34. Ke3 e5 35. Rb1 Be4 36. Rb2 Rc3+ 37. Kd2 Ra3 38. Bd7 Rd3+ 39. Ke2 Rxd7 40. f3 Bc6 41. a5 Ra7 42. Rb6 Bd5 43. a6 Rxa6 44. Rb2 Ra2 45. Rxa2 Bxa2 46. Ke3 Kf6 47. h3 Bd5 48. f4 e4 49. g4 Be6 50. gxf5 Kxf5 51. h4 h5 0-1

[Event "TUR Cup"]
[Site "Adapazari"]
[Date "2022.03.30"]
[Round "8"]
[White "Selvi, Kaan"]
[Black "Pehlivan, Mert"]
[Result "1/2-1/2"]
[WhiteElo "1823"]
[BlackElo "1573"]
[PlyCount "73"]
[EventDate "2022.03.25"]
[EventType "swiss"]
[EventRounds "11"]
[EventCountry "TUR"]
[SourceTitle "EXT 2023"]
[Source "ChessBase"]
[SourceDate "2022.10.05"]
[SourceVersion "1"]
[SourceVersionDate "2022.10.05"]
[SourceQuality "1"]

1. e4 c5 2. Nf3 e6 3. d4 cxd4 4. Nxd4 a6 5. Nc3 Qc7 6. g3 Nf6 7. Bg2 Bb4 8. Bd2 Nc6 9. Nb3 0-0 10. a3 Be7 11. 0-0 Ne5 12. f4 Nc4 13. Bc1 Rb8 14. g4 b5 15. g5 Ne8 16. Rf3 f6 17. h4 Bb7 18. Rd3 Rd8 19. Qe2 f5 20. e5 Bxg2 21. Kxg2 Qb7+ 22. Qf3 Qxf3+ 23. Rxf3 Kf7 24. Nd4 Bc5 25. Nde2 Nc7 26. b3 Nb6 27. Bb2 Ncd5 28. Nxd5 Nxd5 29. Nd4 Rc8 30. Rc1 Bxd4 31. Bxd4 Rc6 32. Kg3 Rfc8 33. c3 a5 34. Rd1 Ke8 35. Rdd3 a4 36. b4 Rc4 37. Kf2 1/2-1/2

[Event "TUR Cup"]
[Site "Adapazari"]
[Date "2022.03.28"]
[Round "6"]
[White "Evin, Abdulkerim"]
[Black "Pehlivan, Mert"]
[Result "0-1"]
[WhiteElo "1359"]
[BlackElo "1573"]
[PlyCount "48"]
[EventDate "2022.03.25"]
[EventType "swiss"]
[EventRounds "11"]
[EventCountry "TUR"]
[SourceTitle "EXT 2023"]
[Source "ChessBase"]
[SourceDate "2022.10.05"]
[SourceVersion "1"]
[SourceVersionDate "2022.10.05"]
[SourceQuality "1"]

1. e4 c5 2. Nf3 e6 3. d4 cxd4 4. Nxd4 a6 5. a4 Nf6 6. Nc3 Bb4 7. Bd3 d6 8. Bd2 e5 9. Nde2 Nbd7 10. 0-0 Nc5 11. Kh1 Nxd3 12. cxd3 d5 13. Bg5 dxe4 14. Nxe4 Be7 15. N2c3 Nxe4 16. Bxe7 Nxc3 17. bxc3 Qxe7 18. Re1 0-0 19. f4 Qc7 20. fxe5 Qxc3 21. d4 Be6 22. d5 Rfd8 23. d6 Rab8 24. Rb1 Qc5 0-1

[Event "TUR Cup"]
[Site "Adapazari"]
[Date "2022.03.27"]
[Round "4"]
[White "Colak, Mehmet"]
[Black "Pehlivan, Mert"]
[Result "0-1"]
[WhiteElo "1389"]
[BlackElo "1573"]
[PlyCount "58"]
[EventDate "2022.03.25"]
[EventType "swiss"]
[EventRounds "11"]
[EventCountry "TUR"]
[SourceTitle "EXT 2023"]
[Source "ChessBase"]
[SourceDate "2022.10.05"]
[SourceVersion "1"]
[SourceVersionDate "2022.10.05"]
[SourceQuality "1"]

1. e4 c5 2. Nf3 e6 3. d4 cxd4 4. Nxd4 a6 5. Nc3 Qc7 6. a3 Nf6 7. Bg5 Be7 8. Be2 h6 9. Bh4 Nxe4 10. Nxe4 Bxh4 11. Nf3 Bd8 12. 0-0 0-0 13. Qd2 d5 14. Ng3 Nd7 15. Rfc1 Ne5 16. b3 Nxf3+ 17. Bxf3 Bg5 18. Qd1 Bxc1 19. Rxc1 Bd7 20. c4 Rac8 21. Ne2 Qe5 22. c5 Bc6 23. Nd4 Qf6 24. Bg4 Rfd8 25. Rc3 e5 26. Nf5 Bd7 27. Nd6 Bxg4 28. Qxg4 e4 29. Rc1 Rxd6 0-1

[Event "Balkan-ch U12"]
[Site "Tornelo INT"]
[Date "2020.10.31"]
[Round "4"]
[White "Tsarsitalidis, Christos"]
[Black "Pehlivan, Mert"]
[Result "1/2-1/2"]
[WhiteElo "1312"]
[BlackElo "1653"]
[PlyCount "103"]
[EventDate "2020.10.31"]
[EventType "swiss"]
[EventRounds "7"]
[EventCountry "NET"]
[SourceTitle "EXT 2023"]
[Source "ChessBase"]
[SourceDate "2022.10.05"]
[SourceVersion "1"]
[SourceVersionDate "2022.10.05"]
[SourceQuality "1"]

1. e4 c5 2. Nf3 e6 3. c3 d5 4. exd5 Qxd5 5. Na3 Nc6 6. Be2 Nf6 7. d4 Be7 8. Bg5 cxd4 9. Nb5 Qd8 10. Nbxd4 Nxd4 11. Qxd4 Qxd4 12. Nxd4 a6 13. Bf3 h6 14. Bf4 Nd5 15. Bxd5 exd5 16. 0-0-0 0-0 17. f3 g5 18. Be3 Bd7 19. Nc2 Be6 20. Bb6 Rac8 21. Rhe1 Rc6 22. Bf2 Rfc8 23. Nd4 Rd6 24. Nf5 Bxf5 25. Rxe7 b5 26. Rd4 Re6 27. Rxe6 Bxe6 28. a4 Rc4 29. Rxc4 dxc4 30. a5 f5 31. g3 f4 32. gxf4 gxf4 33. Bd4 Bd5 34. Be5 Bxf3 35. Bxf4 h5 36. Kd2 Kf7 37. Ke3 Bc6 38. Kd4 Ke6 39. Kc5 Bd7 40. Bg3 Ke7 41. Bh4+ Ke6 42. Kb6 Bc8 43. Kc7 Bd7 44. Bd8 b4 45. cxb4 Bb5 46. Kb6 Kd7 47. Bh4 Ke6 48. Kc5 Ke5 49. Bg3+ Kf5 50. Kd4 Kg4 51. Ke5 Be8 52. Kd4 1/2-1/2